Heinz Kröll

Saved in:
Bibliographic Details
Main Author: Radtke, Edgar (Author)
Format: Article (Journal)
Language:German
Published: 2001
In: Zeitschrift für romanische Philologie
Year: 2001, Volume: 117, Issue: 4, Pages: 712-723
ISSN:0049-8661
Online Access: Get full text
Author Notes:Edgar Radtke

MARC

LEADER 00000caa a22000002c 4500
001 1633192547
003 DE-627
005 20240705213255.0
007 tu
008 120704s2001 xx ||||| 00| ||ger c
035 |a (DE-627)1633192547 
035 |a (DE-576)367682079 
035 |a (DE-599)BSZ367682079 
035 |a (OCoLC)1341154753 
040 |a DE-627  |b ger  |c DE-627  |e rakwb 
041 |a ger 
084 |a 55  |2 sdnb 
100 1 |a Radtke, Edgar  |d 1952-  |0 (DE-588)1023868539  |0 (DE-627)718636945  |0 (DE-576)162645503  |4 aut 
245 1 0 |a Heinz Kröll  |c Edgar Radtke 
264 1 |c 2001 
300 |a 12 
336 |a Text  |b txt  |2 rdacontent 
337 |a ohne Hilfsmittel zu benutzen  |b n  |2 rdamedia 
338 |a Band  |b nc  |2 rdacarrier 
773 0 8 |i In  |t Zeitschrift für romanische Philologie  |d Berlin [u.a.] : ˜deœ Gruyter, 1877  |g 117(2001), 4, Seite 712-723  |w (DE-627)129457469  |w (DE-600)200075-1  |w (DE-576)01482082X  |x 0049-8661  |7 nnas  |a Heinz Kröll 
773 1 8 |g volume:117  |g year:2001  |g number:4  |g pages:712-723  |g extent:12  |a Heinz Kröll 
776 0 8 |i Erscheint auch als  |n Online-Ausgabe  |a Radtke, Edgar, 1952 -   |t Heinz Kröll  |d 2009  |w (DE-627)1734967161 
951 |a AR 
992 |a 20120704 
993 |a Article 
998 |g 1023868539  |a Radtke, Edgar  |m 1023868539:Radtke, Edgar  |d 90000  |d 90300  |e 90000PR1023868539  |e 90300PR1023868539  |k 0/90000/  |k 1/90000/90300/  |p 1  |x j  |y j 
999 |a KXP-PPN1633192547  |e 3286440256 
BIB |a Y 
SER |a journal 
JSO |a {"id":{"eki":["1633192547"]},"title":[{"title_sort":"Heinz Kröll","title":"Heinz Kröll"}],"language":["ger"],"origin":[{"dateIssuedDisp":"2001","dateIssuedKey":"2001"}],"name":{"displayForm":["Edgar Radtke"]},"person":[{"role":"aut","family":"Radtke","display":"Radtke, Edgar","given":"Edgar"}],"recId":"1633192547","relHost":[{"physDesc":[{"noteFormat":"23 cm"}],"type":{"bibl":"periodical"},"recId":"129457469","pubHistory":["1.1877 - 64.1944; 65.1949 -"],"title":[{"title_sort":"Zeitschrift für romanische Philologie","title":"Zeitschrift für romanische Philologie"}],"origin":[{"publisher":"˜deœ Gruyter ; Niemeyer ; Neomarius ; Niemeyer","dateIssuedDisp":"1877-","publisherPlace":"Berlin [u.a.] ; Halle ; Tübingen ; Tübingen","dateIssuedKey":"1877"}],"id":{"eki":["129457469"],"issn":["0049-8661"],"zdb":["200075-1"]},"titleAlt":[{"title":"ZrP"}],"language":["ger"],"person":[{"family":"Gröber","role":"fon","given":"Gustav","display":"Gröber, Gustav"}],"disp":"Heinz KröllZeitschrift für romanische Philologie","part":{"issue":"4","text":"117(2001), 4, Seite 712-723","year":"2001","pages":"712-723","volume":"117","extent":"12"},"note":["Repr.: Graz : Akad. Dr.- u. Verl.-Anst; Bad Feilnbach : Schmidt Periodicals","Ungezählte Beil.: Sonderh.; Sonderbd"]}],"physDesc":[{"extent":"12 S."}],"type":{"bibl":"article-journal"}} 
SRT |a RADTKEEDGAHEINZKROEL2001